Electric Drives (Record no. 10829)
[ view plain ]
| 000 -LEADER | |
|---|---|
| fixed length control field | 00280nam a2200133Ia 4500 |
| 008 - FIXED-LENGTH DATA ELEMENTS--GENERAL INFORMATION | |
| fixed length control field | 221030s9999 xx 000 0 und d |
| 041 ## - LANGUAGE CODE | |
| Language code of text/sound track or separate title | |
| 082 ## - DEWEY DECIMAL CLASSIFICATION NUMBER | |
| Classification number | 105.23 |
| 100 ## - MAIN ENTRY--AUTHOR NAME | |
| Personal name | N. K. De |
| 245 #0 - TITLE STATEMENT | |
| Title | Electric Drives |
| Statement of responsibility, etc | by N. K. De |
| 260 ## - PUBLICATION, DISTRIBUTION, ETC. (IMPRINT) | |
| Year of publication | 0 |
| 650 ## - SUBJECT ADDED ENTRY--TOPICAL TERM | |
| Topical Term | B |
| 942 ## - ADDED ENTRY ELEMENTS (KOHA) | |
| Koha item type | Books |
| Accession Number | Full call number | Price effective from | Koha item type | Withdrawn / writtenoff status | Materials specified (bound volume or other part) | Damaged status | Not for loan | Permanent Location | Current Location | Shelving location | Date acquired | Lost/ Missing status | department |
|---|---|---|---|---|---|---|---|---|---|---|---|---|---|
| B 1535 | 105.23 | 10/30/2022 | Books | MIET Library, Jammu | MIET Library, Jammu | BL-, FL-, CUP-0, SH-0, R-0 | 05/26/2012 | BE | |||||
| B 932 | 105.23 | 10/30/2022 | Books | MIET Library, Jammu | MIET Library, Jammu | BL-, FL-, CUP-0, SH-0, R-0 | 06/19/2012 | BE | |||||
| B 7290 | 10/30/2022 | Books | MIET Library, Jammu | MIET Library, Jammu | BL-, FL-, CUP-0, SH-0, R-0 | 02/18/2016 | BE | ||||||
| B 9390 | 10/30/2022 | Books | MIET Library, Jammu | MIET Library, Jammu | BL-, FL-, CUP-0, SH-0, R-0 | 02/16/2017 | BE | ||||||
| B 9391 | 10/30/2022 | Books | MIET Library, Jammu | MIET Library, Jammu | BL-, FL-, CUP-0, SH-0, R-0 | 02/16/2017 | BE | ||||||
| B 9392 | 10/30/2022 | Books | MIET Library, Jammu | MIET Library, Jammu | BL-, FL-, CUP-0, SH-0, R-0 | 02/16/2017 | BE | ||||||
| B 9393 | 10/30/2022 | Books | MIET Library, Jammu | MIET Library, Jammu | BL-, FL-, CUP-0, SH-0, R-0 | 02/16/2017 | BE | ||||||
| B 9394 | 10/30/2022 | Books | MIET Library, Jammu | MIET Library, Jammu | BL-, FL-, CUP-0, SH-0, R-0 | 02/16/2017 | BE | ||||||
| B 8265 | 10/30/2022 | Books | MIET Library, Jammu | MIET Library, Jammu | BL-, FL-, CUP-0, SH-0, R-0 | 02/22/2017 | BE |